| 000 | 00524nam a2200193Ia 4500 | ||
|---|---|---|---|
| 005 | 20240109092551.0 | ||
| 008 | 131103s9999 xx 000 0 und d | ||
| 020 |
_a8125004262 _cRs. 80 |
||
| 040 | _aLoreto College | ||
| 041 | _aEnglish | ||
| 082 |
_a428 _bFRE |
||
| 100 | _aFreeman, Sarah | ||
| 245 |
_aWritten Communication in English, _cSarah Freeman |
||
| 260 |
_aHyderbad _bOrient Longman _c1977(2000 printing) |
||
| 300 |
_a224 p. _b ill. |
||
| 650 | _aEnglish Language - Usage | ||
| 850 | _aLCLIB | ||
| 942 | _cBK | ||
| 999 |
_c6145 _d56624 |
||